000 00848nas a2200277 4500
001 BR2019001156
003 BR-BrBNA
005 20231205131712.0
007 ta
008 230509b bl.|||p| |||| 00| 00por d
040 _aBR-BrBNA
_bpor
_cBiblioteca Nacional de Agricultura
041 _a(Pt)
072 _aH50
100 1 _aLeite, R.M. de O.
100 1 _aAlvim, R.
100 1 _aAlvim, P. de T.
245 1 _aAção do vento e da radiação solar na ruptura do pulvino foliar do cacaueiro
_bParte de tese
650 _aVENTO
650 _aRADIAÇÃO SOLAR
650 _aTHEOBROMA CACAO
650 _aFOLHA
773 0 _tRevista Theobroma (Brazil)
_xISSN 0370-7962
_g(Oct-Dec 1980), v. 10(4) p. 235-251
_wBR2019001156
856 4 0 _dLink DSPACE/MAPA BR2019001156
909 _a202311
_bLúcia
_c55
_dLúcia Elande
942 _2AGRIS
_n0
_cANA
999 _c256211
_d256211